Una didáctica de las ciencias : procesos y aplicaciones /
Guardado en:
| Autor Principal: | |
|---|---|
| Formato: | Libro |
| Publicado: |
Buenos Aires :
Aique,
1994
|
| Edición: | 3a. ed. |
| Series: | Didáctica
|
| Materias: | |
| Etiquetas: |
Agregar Etiqueta
Sin Etiquetas, Sea el primero en etiquetar este registro!
|
| LEADER | 01213nam a22002775a 4500 | ||
|---|---|---|---|
| 001 | CEM.cems009593 | ||
| 005 | 20080827093336.0 | ||
| 008 | 130507s1994##################000#0#####d | ||
| 003 | CEMS | ||
| 020 | |a 9507012559 | ||
| 082 | 0 | 4 | |a 372.85 |
| 100 | 1 | |a Alvermann, Donna E. | |
| 245 | 1 | 0 | |a Una didáctica de las ciencias : |b procesos y aplicaciones / |c Compilado Por Donna E. Alvermann, Carol Minnick Santa |
| 250 | |a 3a. ed. | ||
| 260 | |a Buenos Aires : |b Aique, |c 1994 | ||
| 300 | |a 313 p. | ||
| 490 | 0 | |a Didáctica | |
| 500 | |a Red Federal de Formación Docente Continua | ||
| 505 | 0 | |a Los procesos de la lectura y del aprendizaje de las ciencias -- Metacognición, lectura y educación científica / Linda Baker -- Ciencia y lectura: dos procesos con muchas habilidades en común? / Michael J. Padilla, K. Denise Muth, Rosemarie K. Lund Padilla | |
| 653 | |a Educación | ||
| 653 | |a Biblioteca maría de los angeles saggio | ||
| 653 | |a Didáctica de las ciencias | ||
| 653 | |a Ciencias-didáctica | ||
| 859 | |a CEMS |b BIB. CEMS - 11 de abril |h 372.85 |i Al77 |p 19439.97 |t Ej.1 | ||
| 859 | |a CEMS |b BIB. CEMS - 11 de abril |h 372.85 |i Al77 |p 21569.01 |t Ej.2 | ||
| 859 | |a CEMS |b BIB. CEMS - 11 de abril |h 372.85 |i Al77 |p 27829.19 |t Ej.3 | ||
